=LDR 00000nam 2200000 4500 =001 INLIS000000000024046 =005 20130612122646 =008 ***********************************Ind** =035 ##$$0010-061300000024046 =041 ##$$a Ind =082 ##$$a 387.5 =090 ##$$a 387.5bPur a =100 ##$$a Purba, Radiles =245 ##$$a Angkatan muatan laut jil 3 jurusan komersial angkutan laut, Radies Purba =260 ##$$a 1981 $b Jakarta =300 ##$$a 224 hlm, 21 cm =650 ##$$a Angkatan muatan laut =850 ##$$a NBPNMAT